| 000 | 00952nam0a22002651 4500 | ||
|---|---|---|---|
| 001 | rc\3443676 | ||
| 005 | 20130115142658.6 | ||
| 035 | _a(NLR Aleph) 007569443 | ||
| 090 |
_a5388580 _c5388580 |
||
| 100 | _a20130115d1971 |||y0rusy50 ca | ||
| 101 | 0 | _arus | |
| 102 | _aRU | ||
| 105 | _ay z ||||| | ||
| 200 | 1 |
_aОсновы советского военного законодательства _eЛекция _fВоен.-воздуш. краснознам. ордена Кутузова акад. им. Ю.А. Гагарина |
|
| 210 |
_aМонино _cБ. и. _d1971 |
||
| 215 |
_a48 с. _d22 |
||
| 300 | _aПеред загл. авт.: полк. С.Н. Глумов | ||
| 320 | _aБиблиогр.: с. 47 | ||
| 333 | _aДля служебного пользования. Экз. № 9 | ||
| 700 | 1 |
_aГлумов _bС. Н. |
|
| 801 | 0 |
_aRU _bNLR _gpsbo |
|
| 801 | 1 |
_aRU _bELAR _2rusmarc |
|
| 852 |
_aNLR _j71-50к/3944 |
||
| 942 | _cBOOK | ||
| 980 | _aNB | ||